Technology in your world / (Record no. 9732)
[ view plain ]
| 000 -LEADER | |
|---|---|
| fixed length control field | 00808cam a2200289 a 4500 |
| 001 - CONTROL NUMBER | |
| JCCL Control Number | 9732 |
| 003 - CONTROL NUMBER IDENTIFIER | |
| JCCL marc code | BD-JhCC |
| 005 - DATE AND TIME OF LATEST TRANSACTION | |
| control field | 20180324102555.0 |
| 008 - FIXED-LENGTH DATA ELEMENTS--GENERAL INFORMATION | |
| fixed length control field | 180324s1987 nyua 001 0 eng |
| 020 ## - INTERNATIONAL STANDARD BOOK NUMBER | |
| International Standard Book Number | 0827326556 |
| 020 ## - INTERNATIONAL STANDARD BOOK NUMBER | |
| International Standard Book Number | 0827326564 (instructor's guide) |
| 020 ## - INTERNATIONAL STANDARD BOOK NUMBER | |
| Cancelled/invalid ISBN | 0827326572 (lab manual) |
| 035 ## - SYSTEM CONTROL NUMBER | |
| system control number | (BD-JhCC)9732 |
| 040 ## - CATALOGING SOURCE | |
| Original cataloging agency | DLC |
| Transcribing agency | DLC |
| Modifying agency | DLC |
| -- | BD-JhCC |
| 041 ## - LANGUAGE CODE | |
| Language code of Book | eng |
| 050 00 - LIBRARY OF CONGRESS CALL NUMBER | |
| Classification number | T45 |
| Item number | .H33 1987 |
| 082 00 - DEWEY DECIMAL CLASSIFICATION NUMBER | |
| Classification number | 600 |
| DDC Edition number | 19 |
| Author mark and Year | HAC 1987 |
| 100 1# - MAIN ENTRY--PERSONAL NAME | |
| Personal name | Hacker, Michael. |
| 245 10 - TITLE STATEMENT | |
| Title | Technology in your world / |
| Statement of responsibility, etc | Michael Hacker, Robert A. Barden. |
| 260 ## - PUBLICATION, DISTRIBUTION, ETC. (IMPRINT) | |
| Place of publication, distribution, etc | Albany, N.Y. : |
| Name of publisher, distributor, etc | Delmar Publishers, |
| Date of publication, distribution, etc | c1987. |
| 300 ## - PHYSICAL DESCRIPTION | |
| Pagination | xv, 427 p. : |
| Other physical details | ill. (some col.) ; |
| Dimensions | 26 cm. |
| 500 ## - GENERAL NOTE | |
| General note | Includes index. |
| 650 #0 - SUBJECT ADDED ENTRY--TOPICAL TERM | |
| Topical term or geographic name as entry element | Technology. |
| 700 1# - ADDED ENTRY--PERSONAL NAME | |
| Personal name | Barden, Robert A. |
| 942 ## - ADDED ENTRY ELEMENTS (KOHA) | |
| Source of classification or shelving scheme | Dewey Decimal Classification |
| Koha item type | Books |
| Source of classification or shelving scheme | Damaged status | Not for loan | Home library | Current library | Shelving location | Total Checkouts | Full call number | Barcode | Date last seen | Copy number | Koha item type |
|---|---|---|---|---|---|---|---|---|---|---|---|
| Dewey Decimal Classification | JCC Rouf Library | JCC Rouf Library | General Stacks | 600 HAC 1987 | 9157 | 03/24/2018 | C - 1 | Books |